El lenguaje corporal (Registro nro. 306536)

Detalles MARC
000 -ENCABEZADO
Número de control [NR] 01114cam a2200301Mc 4500
001 - NÚMERO DE CONTROL
control field ocn796223740
005 - FECHA Y HORA DE LA ÚLTIMA TRANSACCIÓN
control field 20180622105856.0
008 - DE LONGITUD FIJA DE DATOS DE ELEMENTOS - INFORMACIÓN GENERAL
Elementos de longitud fija [NR] 170505s2012 sp o fr 000 0 spa d
015 ## - NUMERO DE BIBLIOGRAFIA NACIONAL [R]
Número de bibliografía nacional [R] MON1205
017 ## - NUMERO DEL REGISTRO DE DERECHOS DE AUTOR O DEL DEPOSITO LEGAL [R]
Número de registro de derechos de autor (“copyright”) [R] M 7975-2012
Agencia que asigna el número [NR] Oficina Depósito Legal Madrid
020 ## - NUMERO INTERNACIONAL NORMALIZADO PARA LIBROS [R]
Número Internacional Normalizado del libro [NR] 9788441431133
020 ## - NUMERO INTERNACIONAL NORMALIZADO PARA LIBROS [R]
Número Internacional Normalizado del libro [NR] 8441431132
029 0# - OTRO SISTEMA DE NÚMERO DE CONTROL (OCLC)
OCLC library identifier BNM
System control number a5208538
035 ## - NUMERO DE CONTROL DEL SISTEMA [R]
Número de control del sistema [NR] (OCoLC)796223740
040 ## - FUENTE DE CATALOGACION [NR]
Agencia de catalogación original [NR] Co-BoUCM
Idioma de catalogación [NR] spa
Quien Cataloga Saul Niño
Quien Clasifica Saul Niño
041 1# - CODIGO DE IDIOMA [R]
Código de idioma para texto/pista de sonido o título separado [R] Español
Language code of original and/or intermediate translations of text ger
100 1# - ASIENTO PRINCIPAL--NOMBRE PERSONAL [NR]
Nombre personal [NR] Rebel, Günther
ID Autoridad 85595
245 13 - MENCION DE TITULO [NR]
Título [NR] El lenguaje corporal
Parte restante del título [NR] lo que expresan las actitudes físicas, las posturas, los gestos y su interpretación
Mención de responsabilidad, etc. [NR] Günther Rebel ; [de la traducción, Eduardo Knörr]
260 ## - PUBLICACION, DISTRIBUCION, ETC. (PIE DE IMPRENTA) [R]
Lugar de publicación, distribución, etc. [R] Madrid
Nombre del editor, distribuidor, etc. [R] Edaf
Fecha de publicación, distribución, etc. [R] 2012
300 ## - DESCRIPCION FISICA [R]
Extensión [R] 206 páginas
Otros detalles físicos [NR] fotografías
650 #7 - ASIENTO SECUNDARIO DE MATERIA - TERMINO TEMATICO [R]
Término temático o nombre geográfico como elemento de entrada [NR] Lenguaje corporal
9 (RLIN) 18360
650 #7 - ASIENTO SECUNDARIO DE MATERIA - TERMINO TEMATICO [R]
Término temático o nombre geográfico como elemento de entrada [NR] Expresión corporal
9 (RLIN) 15468
650 #0 - ASIENTO SECUNDARIO DE MATERIA - TERMINO TEMATICO [R]
Término temático o nombre geográfico como elemento de entrada [NR] Comunicación no verbal (Psicología)
9 (RLIN) 11382
700 1# - ASIENTO SECUNDARIO - NOMBRE PERSONAL [R]
Nombre personal [NR] Knörr, Eduardo
Término de relación [R] traductor
9 (RLIN) 85596
765 ## - ASIENTO DE IDIOMA ORIGINAL [R]
Título [NR] Was wir ohne Worte sagen die Natürliche Körpersprache
942 ## - ELEMENTOS DE ENTRADA AGREGADOS (KOHA)
Sistema de clasificación DEWEY
Tema principal Sociología
Tipo de ítem principal el descrito en 300a Libro
Edición 1
Clasificación 302.222
Parte restante de la signatura top. R289l
Título oculto en OPAC No
Existencias
Fecha de último préstamo Total préstamos Total Renewals Signatura topográfica Código de barras Última vez visto Ejemplar Costo de reposición Price effective from Tipo de ítem Perdido Sistema de clasificación Dañado No prestable Tipo de ítem específico Suprimido Ubicación habitual Ubicación actual Localización Fecha de creación Proveedor Forma de adquisición Costo
04/10/2023 4 5 302.222 R289l 200029646 11/12/2025 Ej.1 26000.00 24/04/2017 Libro   DEWEY     Libro   Quinta de Mutis Quinta de Mutis Mezanecs 24/04/2017 12 Donación 0.00